Т. 16, № 12; Упрочняющие технологии и покрытия

Bibliografske podrobnosti
Parent link:Упрочняющие технологии и покрытия: ежемесячный научно-технический и производственный журнал. Т. 16, № 12.— , 2006-2017, 2019-
Jezik:ruščina
Izdano: 2020
Format: MixedMaterials Knjiga
KOHA link:https://koha.lib.tpu.ru/cgi-bin/koha/opac-detail.pl?biblionumber=585965

MARC

LEADER 00000nam2a2200000 4500
001 585965
005 20231101131328.0
035 |a (RuTPU)RU\TPU\prd\288446 
090 |a 585965 
100 |a 20210111a20069999km y0rusy50 ca 
101 0 |a rus 
102 |a RU 
200 0 |a Т. 16, № 12 
210 |d 2020 
461 1 |0 (RuTPU)RU\TPU\prd\41979  |t Упрочняющие технологии и покрытия  |o ежемесячный научно-технический и производственный журнал  |v Т. 16, № 12  |d 2006-2017, 2019- 
801 0 |a RU  |b 63413507  |c 20010227  |g PSBO 
801 1 |a RU  |b 63413507  |c 20210111 
801 2 |a RU  |b 63413507  |c 20230622  |g RCR 
942 |c BK 
999 |a НТБ_ТПУ  |b НФ  |e -1/20200109  |p П-9393  |s 3/20200629  |u 0,00  |v 1